Second-order effects in elasticity, plasticity and fluid dynamics : international symposium, Haifa, Israel, April 23-27, 1962 /

Guardado en:
Autores Corporativos: International Symposium on Second-Order Effects in Elasticity, Plasticity and Fluid Dynamics Haifa), International Union of Theoretical and Applied Mechanics.
Otros Autores: Reiner, Markus, (Editor , ed.), Abir, David, (Editor , ed.)
Formato: Libro
Idioma:Spanish
Publicado: Oxford : Pergamon Press, 1964.
Materias:
Etiquetas: Agregar Etiqueta
Sin Etiquetas, Sea el primero en etiquetar este registro!
LEADER 01100nam a22002535a 4500
001 EIQ.libpla001080
008 060724s1964####enka#####b####100#0#spa#d
005 20070323145904.0
245 1 0 |a Second-order effects in elasticity, plasticity and fluid dynamics :  |b international symposium, Haifa, Israel, April 23-27, 1962 /  |c edited by Markus Reiner and David Abir. 
260 |a Oxford :  |b Pergamon Press,  |c 1964. 
300 |a xvi, 795 :  |b il. ;  |c 25 cm. 
504 |a Incluye referencias bibliográficas. 
111 2 |a International Symposium on Second-Order Effects in Elasticity, Plasticity and Fluid Dynamics  |d (1962 :  |c Haifa) 
700 1 |a Reiner, Markus,  |e ed.  |4 edt 
700 1 |a Abir, David,  |e ed.  |4 edt 
710 2 |a International Union of Theoretical and Applied Mechanics. 
650 4 |a Elasticidad  |x Congresos. 
650 4 |a Plasticidad  |x Congresos. 
650 4 |a Dinámica de fluídos  |x Congresos. 
650 4 |a Plasticity  |x Congresses. 
650 4 |a Elasticity  |x Congresses. 
650 4 |a Fluid dynamics  |x Congresses. 
040 |a AR-BbSID  |b spa  |c AR-BbSID 
859 |a AR-BbSID  |b BIB. PLAPIQUI  |h 620.1  |i In 8  |p 706